Statistics for Dark Souls 2 Starting Classes

Click here to take the quiz!

General Stats

  • This quiz has been taken 18 times
  • The average score is 5 of 8

Answer Stats

Answer% Correct
Knight
91%
Warrior
91%
Cleric
73%
Bandit
64%
Deprived
64%
Sorcerer
64%
Explorer
27%
Swordsman
27%

Score Distribution

Percentile by Number Answered

Percent of People with Each Score

Your Score History

You have not taken this quiz